<?xml version="1.0" encoding="UTF-8"?>
<record
    xmlns:xsi="http://www.w3.org/2001/XMLSchema-instance"
    xsi:schemaLocation="http://www.loc.gov/MARC21/slim http://www.loc.gov/standards/marcxml/schema/MARC21slim.xsd"
    xmlns="http://www.loc.gov/MARC21/slim">

  <leader>00391    a2200121   4500</leader>
  <controlfield tag="001">ART_45821</controlfield>
  <controlfield tag="005">20260410161721.0</controlfield>
  <controlfield tag="008">260409a                                 </controlfield>
  <datafield tag="245" ind1="1" ind2="0">
    <subfield code="a">An&#xE1;lisis del riesgo en el desempe&#xF1;o laboral</subfield>
  </datafield>
  <datafield tag="100" ind1="1" ind2=" ">
    <subfield code="a">Sanchez Henriquez, Jorge</subfield>
  </datafield>
  <datafield tag="700" ind1="1" ind2=" ">
    <subfield code="a">Ram&#xED;rez Madrid, Karen Viviana</subfield>
  </datafield>
  <datafield tag="773" ind1="0" ind2=" ">
    <subfield code="t">Contabilidad y auditor&#xED;a</subfield>
    <subfield code="g">- A&#xF1;o 23, N&#xBA; 46 (dic. 2017)</subfield>
    <subfield code="w">REV1723</subfield>
  </datafield>
  <datafield tag="999" ind1=" " ind2=" ">
    <subfield code="c">17001</subfield>
    <subfield code="d">17001</subfield>
  </datafield>
</record>
